• 首页
  • 本馆介绍
  • 公告通知
  • 最新文献
  • 馆藏检索
  • 电子资源
  • 读者导购
  • 参考咨询
  • 我的图书馆
  • 登录
  • 详细信息显示
  • 放入我的书架
  • 预约/预借图书
  • 作者相关作品
  • 分类相关作品
  • 丛书相关作品
  • 出版社相关作品

书目信息

  • 表格格式
  • 工作单格式
  • 卡片格式
题名:
中国地球物理学学科史
    
 
作者: 郭建 , 王广福 主编 ;中国地球物理学会 编著
分册:  
出版信息: 北京   中国科学技术出版社  2012
页数: 349页
开本: 26cm
丛书名:
单 册:
中图分类: P3-092 , P3
科图分类:
主题词: 地球物理学--科学史--中国 , 地球物理学 , 科学史
电子资源:
ISBN: 978-7-5046-6044-2
000 01240nam0 2200313 450
001 2359050506
005 20231207162457.58
010    @a978-7-5046-6044-2@dCNY 93.00
090    @aP3-09@bgj
096    @aP3-09@bgj
100    @a20120713d2012 em y0chiy0120 ea
101 0  @achi
102    @aCN@b110000
105    @aa z 000yy
200 1  @a中国地球物理学学科史@Azhong guo di qiu wu li xue xue ke shi@b专著@f郭建,王广福@g中国地球物理学会编著
210    @a北京@c中国科学技术出版社@d2012
215    @a349页@c图,照片@d26cm
300    @a中国学科史研究报告系列2/沈爱民总主编,中国科学技术协会主编
330    @a本书按现代学科创建过程划分时段,从中国古代地学思想的认知到地球物理学在中国的构建和发展的历史全过程,跨越中国古代、近代和现代3个历史阶段。从学术研究角度出发,在世界史、科学发展史的背景下,理清中国地球物理学孕育、创立、发展的全过程,探讨具有中国特色的地球物理学发展道路。
606 0  @a地球物理学@x科学史@y中国
606 0  @a地球物理学
606 0  @a科学史
690    @aP3-092@v5
690    @aP3@v4
701  0 @a郭建@c(地球物理)@Aguo jian@4主编
701  0 @a王广福@Awang guang fu@4主编
712 02 @a中国地球物理学会@Azhong guo di qiu wu li xue hui@4编著
801  2 @aCN@b辽宁北配@c20231205
905    @aBZT@dP3@e40
    
    中国地球物理学学科史/郭建,王广福/中国地球物理学会编著.-北京:中国科学技术出版社,2012
    349页:图,照片;26cm
    中国学科史研究报告系列2/沈爱民总主编,中国科学技术协会主编
    
    ISBN 978-7-5046-6044-2:CNY 93.00
    本书按现代学科创建过程划分时段,从中国古代地学思想的认知到地球物理学在中国的构建和发展的历史全过程,跨越中国古代、近代和现代3个历史阶段。从学术研究角度出发,在世界史、科学发展史的背景下,理清中国地球物理学孕育、创立、发展的全过程,探讨具有中国特色的地球物理学发展道路。
●
相关链接 在五车中查询图书 在当当中查询图书 在豆瓣中查询图书


正题名:中国地球物理学学科史     索取号:P3/40         预约/预借

序号 登录号 条形码 馆藏地/架位号 状态 备注
1 2001553751   2001553751   辽三/辽宁北配(第三批)/1220/ [索取号:P3/40] 在馆    
2 2001553752   2001553752   辽三/辽宁北配(第三批)/1220/ [索取号:P3/40] 在馆    
3 2001553753   2001553753   辽三/辽宁北配(第三批)/1220/ [索取号:P3/40] 在馆    
4 2001553754   2001553754   辽三/辽宁北配(第三批)/1220/ [索取号:P3/40] 在馆    
5 2001553755   2001553755   辽三/辽宁北配(第三批)/1220/ [索取号:P3/40] 在馆    
6 2001553756   2001553756   辽三/辽宁北配(第三批)/1220/ [索取号:P3/40] 在馆    
7 2001553757   2001553757   辽三/辽宁北配(第三批)/1220/ [索取号:P3/40] 在馆    
8 2001553758   2001553758   辽三/辽宁北配(第三批)/1220/ [索取号:P3/40] 在馆    
9 2001553759   2001553759   辽三/辽宁北配(第三批)/1220/ [索取号:P3/40] 在馆    
10 2001553760   2001553760   辽三/辽宁北配(第三批)/1220/ [索取号:P3/40] 在馆    
11 2001553761   2001553761   辽三/辽宁北配(第三批)/1220/ [索取号:P3/40] 在馆    
12 2001553762   2001553762   辽三/辽宁北配(第三批)/1220/ [索取号:P3/40] 在馆    
13 2001553763   2001553763   辽三/辽宁北配(第三批)/1220/ [索取号:P3/40] 在馆    
14 2001553764   2001553764   辽三/辽宁北配(第三批)/1220/ [索取号:P3/40] 在馆    
15 2001553765   2001553765   辽三/辽宁北配(第三批)/1220/ [索取号:P3/40] 在馆    
16 2001553766   2001553766   辽三/辽宁北配(第三批)/1220/ [索取号:P3/40] 在馆    
17 2001553767   2001553767   辽三/辽宁北配(第三批)/1221/ [索取号:P3/40] 在馆    
18 2001553768   2001553768   辽三/辽宁北配(第三批)/1221/ [索取号:P3/40] 在馆    
19 2001553769   2001553769   辽三/辽宁北配(第三批)/1221/ [索取号:P3/40] 在馆    
20 2001553770   2001553770   辽三/辽宁北配(第三批)/1221/ [索取号:P3/40] 在馆    
21 2001553771   2001553771   辽三/辽宁北配(第三批)/1221/ [索取号:P3/40] 在馆    
22 2001553772   2001553772   辽三/辽宁北配(第三批)/1221/ [索取号:P3/40] 在馆    
23 2001553773   2001553773   辽三/辽宁北配(第三批)/1221/ [索取号:P3/40] 在馆    
24 2001553774   2001553774   辽三/辽宁北配(第三批)/1221/ [索取号:P3/40] 在馆    
25 2001553775   2001553775   辽三/辽宁北配(第三批)/1221/ [索取号:P3/40] 在馆    
26 2001553776   2001553776   辽三/辽宁北配(第三批)/1221/ [索取号:P3/40] 在馆    
27 2001553777   2001553777   辽三/辽宁北配(第三批)/1221/ [索取号:P3/40] 在馆    
28 2001553778   2001553778   辽三/辽宁北配(第三批)/1221/ [索取号:P3/40] 在馆    
29 2001553779   2001553779   辽三/辽宁北配(第三批)/1221/ [索取号:P3/40] 在馆    
30 2001553780   2001553780   辽三/辽宁北配(第三批)/1221/ [索取号:P3/40] 在馆    
山东省滨州职业学院图书馆 欢迎您!
大连网信软件有限公司© 版权所有